Instagram Follower der 2. Bundesliga 2023/24 - Statistiken

Allgemein
  • Dieses Quiz wurde 69 mal gespielt
  • Das Durchschnittsergebnis liegt bei 10 aus 18
Antwortstatistiken
% Korrekt
1.300.000 FC Schalke 04
94%
507.000 Hamburger SV
90%
341.000 Hertha BSC
65%
333.000 FC St. Pauli
61%
27.700 SV Elversberg
61%
207.000 1. FC Nürnberg
55%
159.000 Fortuna Düsseldorf
53%
196.000 Hannover 96
51%
90.500 Holstein Kiel
51%
177.000 1. FC Kaiserslautern
49%
132.000 Hansa Rostock
49%
39.300 SV Wehen Wiesbaden
49%
92.200 Eintracht Braunschweig
47%
83.200 1. FC Magdeburg
43%
43.900 Greuther Fürth
41%
111.000 Karlsruher SC
41%
65.900 VfL Osnabrück
39%
77.700 SC Paderborn 07
24%
Keine übereinstimmenden Quizze gefunden
Verteilung der Resultate
Anzahl Personen mit jedem Resultat
Perzentil nach korrekt beantworteten Fragen
Ihre Resultats-Entwicklung
Sie haben dieses Quiz noch nicht gespielt